00759nam a22002177a 4500003000500000005001700005008004100022010001000063011001000073035001000083040000900093100003900102245015300141260004000294300003900334502007000373650002900443650002400472650002000496650002500516CHAP20220329134032.0971013s1978 r 00010 d a14448 a15420 a19496 cCHAP00aHernández Gutiérrez, Silverio. aRendimientos de resina de pinares plagados y no plagados por Zadiprion vallicola Rohwer (Hymenoptera: Diprionadae) en la Meseta Tarasca, Michoacán aChapingo, Méx. :bEl Autor,c1978 a110 h.b: ilus. ; gráfs. ; mapas aTesis (Ing. Agrónomo Esp. en Bosques) -- ENA. Depto. de Bosques14aPináceasxMichoacán.14aPináceasxPlagas.14aResina de pino.14aZadiprion vallicola.